Historia constitucional de Chile: las instituciones políticas y sociales

Αποθηκεύτηκε σε:
Λεπτομέρειες βιβλιογραφικής εγγραφής
Κύριος συγγραφέας: Campos Harriet, Fernando (Συγγραφέας)
Μορφή: Βιβλίο
Γλώσσα:Ισπανικά
Έκδοση: Santiago, Chile Jurídica de Chile 1969
Έκδοση:Cuarta edición
Θέματα:
Ετικέτες: Προσθήκη ετικέτας
Δεν υπάρχουν, Καταχωρήστε ετικέτα πρώτοι!

MARC

LEADER 00000nam a2200000 a 4500
001 UCM8182
003 CL-VaPUC
005 20210811001531.0
008 030124e19690000CL |||||||||||||||||spa|d
999 |c 302760  |d 302758 
040 |c Pontificia Universidad Católica de Valparaíso 
082 0 4 |a 342.83 CAM 1969  |2 21 
100 0 |a Campos Harriet, Fernando  |e author  |9 474132 
245 1 0 |a Historia constitucional de Chile:  |b  las instituciones políticas y sociales 
250 |a Cuarta edición 
260 |a Santiago, Chile  |b Jurídica de Chile  |c 1969 
300 |a 399 páginas 
583 |a last modification  |c 20030124 00:00:00  |k Rodrigo Vera 
650 0 |a Historia constitucional  |z CHILE  |9 256052 
650 0 |a Periodo Colonial  |z CHILE  |9 257430 
650 7 |a GOBIERNO Y ADMINISTRACION  |2 CL-VaPUC  |9 258649  |z CHILE 
852 |a BIBCUR 
942 |c BK  |2 ddc 
945 |d 20030124 00:00:00  |a cmena 
952 |0 0  |1 0  |2 ddc  |4 0  |6 342_830000000000000_CAM_1969  |7 0  |8 A  |9 363491  |a BIBHIS  |b BIBHIS  |d 2019-11-21  |i 3879747  |o 342.83 CAM 1969  |p 3879747  |r 2025-01-20  |t 1  |w 2019-11-21  |y BK  |k HIS